Tears of the Kingdom Chasms - Statistics

General Stats
  • This quiz has been taken 34 times
  • The average score is 8 of 38
Answer Stats
Tower Region Answer % Correct
Lookout Landing Hyrule Castle Chasm
71%
Eldin Canyon Death Mountain Chasm
59%
Lookout Landing Hyrule Field Chasm
59%
Rospro Pass Rito Village Chasm
47%
Thyphlo Ruins Deku Tree Chasm
35%
Pikida Stonegrove North Lomei Chasm
35%
Ulri Mountain Skull Lake Chasm
35%
Gerudo Highlands Yiga Clan Hideout Chasm
35%
Hyrule Field Great Plateau East Chasm
29%
Hyrule Field Great Plateau North Chasm
29%
Hyrule Field Great Plateau South Chasm
29%
Hyrule Field Great Plateau West Chasm
29%
Popla Foothills Lake Hylia Chasm
29%
Mount Lanayru Naydra Snowfield Chasm
29%
Gerudo Canyon South Lomei Chasm
29%
Upland Zorana Chasm Under Zora's Domain
24%
Rabella Wetlands Eventide Island Chasm
24%
Ulri Mountain Lomei Labyrinth Chasm
24%
Ulri Mountain East Akkala Plains Chasm
18%
Sahasra Slope East Hill Chasm
18%
Gerudo Highlands Gerudo Summit Chasm
18%
Eldin Canyon Minshi Woods Chasm
18%
Upland Zorana Tingel Island Chasm
18%
Gerudo Canyon East Gerudo Chasm
12%
Lindor's Brow Hyrule Ridge Chasm
12%
Popla Foothills Tobio's Hollow Chasm
12%
Gerudo Highlands Birida Lookout Chasm
6%
Thyphlo Ruins Drenan Highlands Chasm
6%
Thyphlo Ruins Elma Knolls Chasm
6%
Hyrule Field Forest of Time Chasm
6%
Popla Foothills Hills of Baumer Chasm
6%
Lookout Landing Hyrule Castle Moat East Chasm
6%
Lookout Landing Hyrule Castle Moat West Chasm
6%
Hyrule Field Mount Daphnes Well
6%
Lindor's Brow Rowan Plain Well
6%
Upland Zorana South Akkala Plains Chasm
6%
Sahasra Slope Lanayru Wetlands Chasm
0%
Rabella Wetlands Meda Mountain Chasm
0%
No matching quizzes found
Score Distribution
Percent of People with Each Score
Percentile by Number Answered
Your Score History
You have not taken this quiz